• 首页
  • 本馆介绍
  • 公告通知
  • 最新文献
  • 馆藏检索
  • 电子资源
  • 读者导购
  • 参考咨询
  • 我的图书馆
  • 登录
  • 详细信息显示
  • 放入我的书架
  • 预约/预借图书
  • 作者相关作品
  • 分类相关作品
  • 丛书相关作品
  • 出版社相关作品

书目信息

  • 表格格式
  • 工作单格式
  • 卡片格式
题名:
亡友鲁迅印象记
    
 
作者: 许寿裳 著
分册:  
出版信息: 上海   上海文化出版社  2006
页数: 300页
开本: 22cm
丛书名: 大家的鲁迅书系
单 册:
中图分类: K825.6=6 , K825.6
科图分类:
主题词:
电子资源:
ISBN: 7-80646-826-9
000 00900oam2 2200265 450
001 1570980877
005 20150204194359.04
010    @a7-80646-826-9@dCNY19.00
100    @a20060926d2006 em y0chiy50 ea
101 0  @achi
102    @aCN@b310000
105    @aa z 000yb
200 1  @a亡友鲁迅印象记@9wang you lu xun yin xiang ji@e许寿裳回忆鲁迅全编@f许寿裳著
210    @a上海@c上海文化出版社@d2006
215    @a300页@c照片,图@d22cm
225 2  @a大家的鲁迅书系
330    @a本书收入《亡友鲁迅印象记》、《鲁迅的思想与生活》和其他回忆鲁迅的所有文章及与鲁迅有关的书信。
461  0 @12001 @a大家的鲁迅书系
517 1  @a许寿裳回忆鲁迅全编@9xu shou shang hui yi lu xun quan bian
600  0 @a鲁迅@f(1881-1936)@x生平事迹
690    @aK825.6=6@v5
690    @aK825.6@v4
701  0 @a许寿裳@9xu shou shang@f(1883.2~1948.2)@4著
801  0 @aCN@bTSSF@c20150204
905    @aZUCC@dK825.6@eJY78
    
    亡友鲁迅印象记:许寿裳回忆鲁迅全编/许寿裳著.-上海:上海文化出版社,2006
    300页:照片,图;22cm.-(大家的鲁迅书系)
    
    
    ISBN 7-80646-826-9:CNY19.00
    本书收入《亡友鲁迅印象记》、《鲁迅的思想与生活》和其他回忆鲁迅的所有文章及与鲁迅有关的书信。
●
相关链接 在E读中查询图书 在五车中查询图书 在当当中查询图书 在豆瓣中查询图书


正题名:亡友鲁迅印象记     索取号:K825.6/JY78         预约/预借

序号 登录号 条形码 馆藏地/架位号 状态 备注
1 7841290   278412905   学院路分馆/ [索取号:K825.6/JY78] 在馆    
唐山师范学院图书馆 欢迎您!
大连网信软件有限公司© 版权所有